|
|
|
|
| LEADER |
00000cam a22000004a 4500 |
| 001 |
musev2_655 |
| 003 |
MdBmJHUP |
| 005 |
20230905040120.0 |
| 006 |
m o d |
| 007 |
cr||||||||nn|n |
| 008 |
100302s2010 iau o 00 0 eng d |
| 010 |
|
|
|z 2010008379
|
| 020 |
|
|
|a 9781587299520
|
| 020 |
|
|
|z 9781587299162
|
| 035 |
|
|
|a (OCoLC)667223651
|
| 040 |
|
|
|a MdBmJHUP
|c MdBmJHUP
|
| 043 |
|
|
|a n-usc--
|
| 050 |
0 |
4 |
|a S621.5.G73
|b T35 2010
|
| 082 |
0 |
|
|a 639.9/90978
|2 22
|
| 245 |
0 |
4 |
|a The Tallgrass Prairie Center Guide to Prairie Restoration in the Upper Midwest /
|c by Daryl Smith ... [et al.].
|
| 264 |
|
1 |
|a Iowa City [Iowa]:
|b Published for the Tallgrass Prairie Center by the University of Iowa Press,
|c 2010.
|
| 264 |
|
3 |
|a Baltimore, Md. :
|b Project MUSE,
|c 2012
|
| 264 |
|
4 |
|c ©2010.
|
| 300 |
|
|
|a 1 online resource (326 pages):
|b ill. (some col.) ;
|
| 336 |
|
|
|a text
|b txt
|2 rdacontent
|
| 337 |
|
|
|a computer
|b c
|2 rdamedia
|
| 338 |
|
|
|a online resource
|b cr
|2 rdacarrier
|
| 490 |
0 |
|
|a A Bur oak book
|
| 504 |
|
|
|a Includes bibliographical references (p. [285]-293) and index.
|
| 588 |
|
|
|a Description based on print version record.
|
| 650 |
|
0 |
|a Prairies
|z Middle West
|x Management.
|
| 650 |
|
0 |
|a Prairie planting
|z Middle West.
|
| 650 |
|
0 |
|a Prairie restoration
|z Middle West.
|
| 655 |
|
7 |
|a Electronic books.
|2 local
|
| 700 |
1 |
|
|a Smith, Daryl
|q (Daryl D.),
|d 1938-
|
| 710 |
2 |
|
|a Tallgrass Prairie Center.
|
| 710 |
2 |
|
|a Project Muse.
|e distributor
|
| 830 |
|
0 |
|a Bur oak book.
|
| 830 |
|
0 |
|a Book collections on Project MUSE.
|
| 856 |
4 |
0 |
|z Texto completo
|u https://projectmuse.uam.elogim.com/book/655/
|
| 945 |
|
|
|a Project MUSE - Custom Collection
|
| 945 |
|
|
|a Project MUSE - 2010 Complete
|